| 000 | 00577nam a2200193Ia 4500 | ||
|---|---|---|---|
| 003 | GCL | ||
| 008 | 140319s9999 xx 000 0 ara d | ||
| 020 | _a0101903977 | ||
| 040 |
_aGCL / _cGCL |
||
| 082 | 0 | 4 |
_a631.4 _bم ط |
| 100 | 1 | _aماهر جورجى نسيم | |
| 245 | 1 | 0 |
_aطرق تحليل الاراضى / _cماهر جورجى نسيم |
| 260 |
_aالقاهرة : _bمنشاة المعارف ، _c2003 |
||
| 300 |
_a322 ص ؛ _c24 سم |
||
| 650 | 0 | 4 | _aالتربة |
| 650 | 0 | 4 | _aالتربة - تحليل |
| 650 | 0 | 4 | _aالتربة - خصوبة |
| 942 |
_2ddc _cBK |
||
| 999 |
_c3799 _d3799 |
||